01409nam a2200265 a 450000100060000000300090000600800410001502000130005604000280006908200190009710000350011624501050015125000290025626000280028530000080031350503400032159001360066165000400079765000390083765000420087665000420091894200120096099900170097295201540098921402CO-ViMGA141112s2004 ck r 000 u spa d a95804742 aCO-ViMGAbspacCO-ViMGA04a347.986 Y191pr1 aYaya Martínez, Carlos91765310aPráctica forense del proceso ordinario : bEn materia civil y comercial : bLegislacioón vigente a2 Ampliada y actualizada aBogotá; Temis, c2004 a662 aSolicitud de conciliación extrajudicial en derecho 16 - - Demanda de responsabilidad extracontractual 310 - - Poder para adelantar proceso oedinario por privación de tenencia de inmueble 628 - - Poder para adelantar proceso ordinario por privación de tenencia de inmueble 628 - - Demanda de proceso ordinario por perjuicios 629  aForma de adquisición : Compra fact. 0865 - - Precio : 82000 - - Proveedor : Temas y libros - - Fecha de adquisición : Mayo 200714aDERECHO COMERCIAL - COLOMBIA93056614aDERECHO PROCESAL - COLOMBIA91843114aFORMATOS JUDICIALES - COLOMBIA93056714aPROCEDIMIENTO CIVIL - COLOMBIA922200 2ddccBK c30018d30018 00102ddc40708002aMEVIECARbMEVIECARd2015-12-04hVolumen. 1 | 11/jun/2009l0o347.986 Y191pr p21402r2015-12-04 00:00:00tEj. 1w2015-12-04yBK